The old man of the moon / (Record no. 14443)
[ view plain ]
| 000 -LEADER | |
|---|---|
| fixed length control field | 00615nam a22002297a 4500 |
| 001 - CONTROL NUMBER | |
| JCCL Control Number | 14443 |
| 003 - CONTROL NUMBER IDENTIFIER | |
| JCCL marc code | BD-JhCC |
| 005 - DATE AND TIME OF LATEST TRANSACTION | |
| control field | 20251118100925.0 |
| 008 - FIXED-LENGTH DATA ELEMENTS--GENERAL INFORMATION | |
| fixed length control field | 251118b |||||||| |||| 00| 0 eng d |
| 020 ## - INTERNATIONAL STANDARD BOOK NUMBER | |
| International Standard Book Number | 9780141397801 |
| 035 ## - SYSTEM CONTROL NUMBER | |
| system control number | (BD-JhCC) 14443 |
| 040 ## - CATALOGING SOURCE | |
| Original cataloging agency | BD-JhCC |
| Modifying agency | BD-JhCC |
| 041 ## - LANGUAGE CODE | |
| Language code of Book | eng |
| 082 ## - DEWEY DECIMAL CLASSIFICATION NUMBER | |
| DDC Edition number | 23 |
| Classification number | 951.04 |
| Author mark and Year | SHE |
| 100 ## - MAIN ENTRY--PERSONAL NAME | |
| Personal name | Fu Shen |
| 245 ## - TITLE STATEMENT | |
| Title | The old man of the moon / |
| Statement of responsibility, etc | Shen Fu |
| 260 ## - PUBLICATION, DISTRIBUTION, ETC. (IMPRINT) | |
| Place of publication, distribution, etc | London: |
| Name of publisher, distributor, etc | Penguin Classics, |
| Date of publication, distribution, etc | 2015 |
| 300 ## - PHYSICAL DESCRIPTION | |
| Pagination | 56p.; |
| Dimensions | 17cm. |
| Accompanying material | Paper |
| 490 ## - SERIES STATEMENT | |
| Series statement | Penguin Little black classics |
| Volume number/sequential designation | N,60 |
| 650 ## - SUBJECT ADDED ENTRY--TOPICAL TERM | |
| Topical term or geographic name as entry element | Chinese nineteenth-century - history |
| 942 ## - ADDED ENTRY ELEMENTS (KOHA) | |
| Source of classification or shelving scheme | Dewey Decimal Classification |
| Koha item type | Books |
| Source of classification or shelving scheme | Damaged status | Not for loan | Collection code | Home library | Current library | Shelving location | Date of accession | Total Checkouts | Full call number | Barcode | Date last seen | Copy number | Method of acquisition | Koha item type | Currency |
|---|---|---|---|---|---|---|---|---|---|---|---|---|---|---|---|
| Dewey Decimal Classification | Non-fiction | JCC Rouf Library | JCC Rouf Library | General Stacks | 951.04 SHE | 20163 | 11/18/2025 | C-1 | Purchase | Books | BDT |